000 00488nmm a2200157Ia 4500
008 251105s9999||||xx |||||||||||||||||und||
020 _a9788431525347
041 _aspa
100 _aMantovani, Massimo
245 0 _aLas cartas adivinatorias del karma
264 _a[Madrid, España] :
_bDe Vecchi,
_c[Fecha de publicación no identificada]
300 _a0 páginas
650 _aMind, body and spirituality
856 _uhttps://public.digitaliapublishing.com/a/122397
942 _cCF
999 _c81084
_d81084